| 000 | 01518cam a22003497a 4500 | ||
|---|---|---|---|
| 001 | 15493919 | ||
| 003 | PILC | ||
| 005 | 20160119104400.0 | ||
| 008 | 081022s2008 nyuab j 000 1 eng d | ||
| 010 | _a 2008300240 | ||
| 020 | _a9780439929523 (pbk.) | ||
| 020 | _a0439929520 (pbk.) | ||
| 035 | _a(OCoLC)ocn181602966 | ||
| 040 |
_aBTCTA _cBTCTA _dBAKER _dTDS _dEHH _dDLC |
||
| 042 | _alccopycat | ||
| 050 | 0 | 0 |
_aPZ 7 _b.G822 2008 |
| 082 | 0 | 0 |
_aFIC _bG81 2008 |
| 100 | 1 |
_aGregory, Kristiana _918948 |
|
| 245 | 1 | 4 |
_aThe legend of skull cliff _bby Kristiana Gregory ; illustrated by Patrick Faricy. |
| 260 |
_aNew York : _bScholastic, _cc2008. |
||
| 300 |
_a127 p. : _bill. ; _c19 cm. |
||
| 440 | 0 |
_aCabin Creek mysteries ; _v3 _918949 |
|
| 490 | 0 | _aLittle apple | |
| 520 | _aWhen a camper disappears from the dangerous lookout at Skull Cliff, the cousins wonder if it is the old town curse at work. Then the police discover a ransom note, and everyone is in search of a kidnapper. But Jeff, David, and Claire can't make the clues fit. Was the bossy boy from the city kidnapped, or did something even spookier take place on Skull Cliff? | ||
| 650 | 0 |
_aKidnapping _vJuvenile fiction. _918950 |
|
| 650 | 1 |
_aMystery and detective stories. _93790 |
|
| 700 | 1 |
_aFaricy, Patrick. _918951 |
|
| 906 |
_a7 _bcbc _ccopycat _d2 _encip _f20 _gy-gencatlg |
||
| 942 |
_2lcc _cBK |
||
| 999 |
_c88 _d88 |
||